[Event "VL18/19"]
[Site "Mecklenburg-Vorpommern"]
[Date "2018.11.25"]
[Round "3.1"]
[White "Schumacher, Ole"]
[Black "Mehl, Ronald"]
[Result "1/2-1/2"]
[WhiteElo "1835"]
[BlackElo "2044"]
[PlyCount "37"]
[EventDate "2018.??.??"]
[EventType "team-tourn"]
[EventRounds "9"]
[EventCountry "GER"]
[WhiteTeam "SF Schwerin III"]
[BlackTeam "FHSG Stralsund"]
[WhiteTeamCountry "GER"]
[BlackTeamCountry "GER"]

1. d4 Nf6 2. c4 e6 3. Nf3 d5 4. g3 Be7 5. Bg2 O-O 6. O-O b6 7. Ne5 Bb7 8. Nc3
Qc8 9. cxd5 exd5 10. Bg5 Qd8 11. Rc1 c6 12. Qa4 Nfd7 13. Bxe7 Qxe7 14. Nd3 a5
15. Rfe1 Qf6 16. e3 b5 17. Qd1 Na6 18. a3 Rfe8 19. Qf3 1/2-1/2

[Event "VL18/19"]
[Site "Mecklenburg-Vorpommern"]
[Date "2018.11.25"]
[Round "3.3"]
[White "Focke, Adrian"]
[Black "Glawe, Hartmut"]
[Result "1/2-1/2"]
[WhiteElo "1808"]
[BlackElo "1942"]
[PlyCount "75"]
[EventDate "2018.??.??"]
[EventType "team-tourn"]
[EventRounds "9"]
[EventCountry "GER"]
[WhiteTeam "SF Schwerin III"]
[BlackTeam "FHSG Stralsund"]
[WhiteTeamCountry "GER"]
[BlackTeamCountry "GER"]

1. e4 c5 2. Nf3 d6 3. d4 cxd4 4. Nxd4 Nf6 5. Nc3 a6 6. Be2 e5 7. Nb3 Be6 8. O-O
Nbd7 9. f4 Rc8 10. Kh1 Qc7 11. Be3 Be7 12. Rc1 b5 13. a3 Nb6 14. Nd2 Rd8 15.
Qe1 O-O 16. Qf2 Rb8 17. Qg3 Nc4 18. Nxc4 Bxc4 19. Rf2 Bxe2 20. Rxe2 Nh5 21. Qg4
Nxf4 22. Bxf4 exf4 23. Qxf4 Qc4 24. Qg4 f5 25. Qf3 fxe4 26. Qxe4 Bf6 27. Qd3
Be5 28. Rd1 Qf7 29. Ree1 Qh5 30. h3 Qh4 31. Rf1 Rf4 32. Ne2 Rf2 33. Rxf2 Qxf2
34. Nd4 Rc8 35. b3 Bxd4 36. Qxd4 Qxd4 37. Rxd4 Rxc2 38. Rxd6 1/2-1/2

[Event "VL18/19"]
[Site "Mecklenburg-Vorpommern"]
[Date "2018.11.25"]
[Round "3.4"]
[White "Kohn, Andreas"]
[Black "Fischer, Torsten"]
[Result "0-1"]
[WhiteElo "1888"]
[BlackElo "1975"]
[PlyCount "70"]
[EventDate "2018.??.??"]
[EventType "team-tourn"]
[EventRounds "9"]
[EventCountry "GER"]
[WhiteTeam "FHSG Stralsund"]
[BlackTeam "SF Schwerin III"]
[WhiteTeamCountry "GER"]
[BlackTeamCountry "GER"]

1. e4 e6 2. d4 d5 3. e5 c5 4. c3 Nc6 5. Nf3 Qb6 6. Bd3 Bd7 7. dxc5 Bxc5 8. O-O
a5 9. Qe2 Nge7 10. Bf4 Ng6 11. Bg3 O-O 12. Nbd2 f6 13. Bxg6 hxg6 14. Nb3 Rae8
15. Nxc5 Qxc5 16. Nh4 Ne7 17. Qg4 Qc4 18. Qxc4 dxc4 19. exf6 gxf6 20. Bd6 Kf7
21. b3 Rh8 22. Nf3 Nd5 23. Rac1 Rc8 24. b4 Rc6 25. Bc5 b6 26. Be3 axb4 27. Nd4
Rc7 28. cxb4 Ra8 29. Rc2 e5 30. Nf3 Bf5 31. Rd2 Bd3 32. Rc1 Nxb4 33. Bxb6 Rc6
34. Be3 c3 35. Rdd1 c2 0-1

[Event "VL18/19"]
[Site "Mecklenburg-Vorpommern"]
[Date "2018.11.25"]
[Round "3.5"]
[White "Kupfernagel, Michael"]
[Black "Paulowitz, Bernd Rainer"]
[Result "1/2-1/2"]
[WhiteElo "1939"]
[BlackElo "1868"]
[PlyCount "94"]
[EventDate "2018.??.??"]
[EventType "team-tourn"]
[EventRounds "9"]
[EventCountry "GER"]
[WhiteTeam "SF Schwerin III"]
[BlackTeam "FHSG Stralsund"]
[WhiteTeamCountry "GER"]
[BlackTeamCountry "GER"]

{[%evp 0,94,25,18,23,14,21,7,26,9,34,40,27,11,41,42,62,5,9,2,18,17,7,16,17,25,
23,7,29,16,20,17,29,20,59,62,54,53,52,51,61,51,55,101,126,117,177,120,135,106,
123,120,174,122,118,118,178,136,121,104,111,85,83,89,83,68,68,58,151,41,25,14,
23,27,59,80,80,89,63,28,105,40,34,62,51,3,3,-35,12,-12,-18,7,1,-15,-23,-21,-13]
} 1. d4 d5 2. Nc3 Nf6 3. Bg5 e6 4. e4 dxe4 5. Nxe4 Be7 6. Bxf6 Bxf6 7. Nf3 O-O
8. Qd3 Bd7 9. Qe3 Nc6 10. O-O-O Nb4 11. Kb1 Nd5 12. Qd2 Be7 13. c3 Nf6 14.
Nxf6+ Bxf6 15. Bd3 Bc6 16. Qe3 Bxf3 17. Qxf3 c6 18. h4 Qd5 19. Be4 Qb5 20. Bc2
Be7 21. Qe4 g6 22. h5 Kg7 23. Rh3 (23. d5 $3 $18 cxd5 24. Qe5+ f6 25. Qxe6 Ba3
26. Bb3 $18) 23... Qd5 24. Qg4 Qg5 25. Qf3 Qf6 26. Qe2 Bd6 27. Rdh1 Rg8 28.
hxg6 hxg6 29. Rh7+ Kf8 30. R1h3 Rg7 31. R7h4 Ke7 32. Re4 Kd7 33. c4 Rd8 34. a3
Kc8 35. Qe3 g5 36. Rf3 Bf4 37. Qc3 Qe7 38. g3 Bc7 39. Bb3 f6 40. d5 cxd5 41.
cxd5 e5 42. g4 Kb8 43. Rd3 Bd6 44. f3 Rc8 45. Rc4 Rgg8 46. Qe1 Rxc4 47. Bxc4
Rc8 1/2-1/2

[Event "VL18/19"]
[Site "Mecklenburg-Vorpommern"]
[Date "2018.11.25"]
[Round "3.6"]
[White "Kohn, Thomas"]
[Black "Schmidt, Arne"]
[Result "0-1"]
[WhiteElo "1851"]
[BlackElo "1703"]
[PlyCount "52"]
[EventDate "2018.??.??"]
[EventType "team-tourn"]
[EventRounds "9"]
[EventCountry "GER"]
[WhiteTeam "FHSG Stralsund"]
[BlackTeam "SF Schwerin III"]
[WhiteTeamCountry "GER"]
[BlackTeamCountry "GER"]

1. Nf3 b6 2. e4 Bb7 3. Bc4 e6 4. d3 Nc6 5. a3 Nge7 6. O-O d5 7. exd5 Nxd5 8.
Bxd5 Qxd5 9. Nc3 Qd7 10. Bf4 Bd6 11. Qd2 f6 12. Rfe1 O-O-O 13. Bxd6 Qxd6 14. b4
h5 15. Qe3 e5 16. Ne4 Qd7 17. h4 Ne7 18. Red1 Nd5 19. Qe1 Qg4 20. Ng3 Nf4 21.
Qe3 Nxg2 22. Kxg2 f5 23. Re1 f4 24. Qxe5 Qxf3+ 25. Kf1 Qg2+ 26. Ke2 Rhe8 0-1

[Event "VL18/19"]
[Site "Mecklenburg-Vorpommern"]
[Date "2018.11.25"]
[Round "3.7"]
[White "Zeeck, Detlef"]
[Black "Klepin, Wilfried"]
[Result "1/2-1/2"]
[WhiteElo "1676"]
[BlackElo "1798"]
[PlyCount "26"]
[EventDate "2018.??.??"]
[EventType "team-tourn"]
[EventRounds "9"]
[EventCountry "GER"]
[WhiteTeam "SF Schwerin III"]
[BlackTeam "FHSG Stralsund"]
[WhiteTeamCountry "GER"]
[BlackTeamCountry "GER"]

1. d4 d5 2. Bf4 f5 3. Nf3 Nf6 4. e3 e6 5. Nbd2 Bd6 6. Ne5 O-O 7. Bd3 c6 8. O-O
Qe7 9. c4 Nbd7 10. Nxd7 Qxd7 11. Bxd6 Qxd6 12. c5 Qe7 13. f4 b6 1/2-1/2

[Event "VL18/19"]
[Site "Mecklenburg-Vorpommern"]
[Date "2018.11.25"]
[Round "3.8"]
[White "Boettner, Oliver"]
[Black "Jaeschke, Jonathan"]
[Result "0-1"]
[WhiteElo "1504"]
[BlackElo "1575"]
[PlyCount "54"]
[EventDate "2018.??.??"]
[EventType "team-tourn"]
[EventRounds "9"]
[EventCountry "GER"]
[WhiteTeam "FHSG Stralsund"]
[BlackTeam "SF Schwerin III"]
[WhiteTeamCountry "GER"]
[BlackTeamCountry "GER"]

1. e4 d6 2. d4 g6 3. c4 Bg7 4. Nc3 Nf6 5. Bd3 O-O 6. f4 e5 7. fxe5 dxe5 8. d5
Nbd7 9. Be3 Qe7 10. h3 Nh5 11. Nge2 Nc5 12. Bc2 a5 13. Qd2 b6 14. b3 Nf4 15.
Bxf4 (15. Nxf4 $11) 15... exf4 16. Qxf4 f5 17. O-O-O Be5 18. Qe3 fxe4 19. Nxe4
Nxe4 20. Qxe4 Bf5 21. Qe3 Bb2+ 22. Kd2 Qxe3+ 23. Kxe3 Bxc2 24. Rdf1 Bg7 25. Kd2
Be4 26. Rxf8+ Rxf8 27. Rg1 Bh6+ 0-1

[Event "VL18/19"]
[Site "Mecklenburg-Vorpommern"]
[Date "2018.11.25"]
[Round "3.1"]
[White "Montag, Ralf"]
[Black "Wolke, Heiko"]
[Result "1-0"]
[WhiteElo "1948"]
[BlackElo "1961"]
[PlyCount "109"]
[EventDate "2018.??.??"]
[EventType "team-tourn"]
[EventRounds "9"]
[EventCountry "GER"]
[WhiteTeam "VT Ludwigslust"]
[BlackTeam "SFO Warnemuende"]
[WhiteTeamCountry "GER"]
[BlackTeamCountry "GER"]

1. Nf3 Nf6 2. g3 d5 3. Bg2 e6 4. O-O Be7 5. b3 O-O 6. Bb2 c5 7. c4 Nc6 8. e3 a6
9. d4 cxd4 10. Nxd4 Bd7 11. Nd2 Nxd4 12. exd4 Bc6 13. c5 h5 14. h3 Bb5 15. Re1
Bd3 16. b4 Bf5 17. a4 b6 18. Ba3 Qc7 19. Qe2 h4 20. g4 Bg6 21. Rec1 Qf4 22. Qe3
Qxe3 23. fxe3 b5 24. axb5 axb5 25. Bb2 Rfc8 26. Ra5 Bd3 27. Rca1 Rab8 28. Bf1
Bxf1 29. Kxf1 Kf8 30. Ke2 Ke8 31. Ra7 Bd8 32. Kf3 Rc7 33. Rxc7 Bxc7 34. e4
dxe4+ 35. Nxe4 Nd5 36. Ra7 Rc8 37. Nc3 Nxc3 38. Bxc3 Kd7 39. d5 exd5 40. Bxg7
Kc6 41. Ra6+ Kb7 42. Rf6 Ra8 43. Rxf7 Ra3+ 44. Ke2 Kc6 45. Rf6+ Kb7 46. Rf3
Ra2+ 47. Kd1 Bg3 48. Rf7+ Kc6 49. Rf6+ Kc7 50. Bf8 Rh2 51. g5 Rxh3 52. g6 Be5
53. Rf5 Bc3 54. g7 Rg3 55. Bd6+ 1-0

[Event "VL18/19"]
[Site "Mecklenburg-Vorpommern"]
[Date "2018.11.25"]
[Round "3.2"]
[White "Ruesch, Hans Joachim"]
[Black "Wiemer, Juergen"]
[Result "1/2-1/2"]
[WhiteElo "1959"]
[BlackElo "1915"]
[PlyCount "123"]
[EventDate "2018.??.??"]
[EventType "team-tourn"]
[EventRounds "9"]
[EventCountry "GER"]
[WhiteTeam "SFO Warnemuende"]
[BlackTeam "VT Ludwigslust"]
[WhiteTeamCountry "GER"]
[BlackTeamCountry "GER"]

1. d4 Nf6 2. Nf3 e6 3. c4 Bb4+ 4. Nbd2 O-O 5. a3 Be7 6. e4 d5 7. e5 Ne8 8. Bd3
Nc6 9. b4 a6 10. O-O f5 11. exf6 Bxf6 12. Bb2 g6 13. Qb3 Ng7 14. cxd5 exd5 15.
Ne5 Ne7 16. Ne4 Ne6 17. Nxf6+ Rxf6 18. Rad1 c6 19. Ng4 Rf4 20. h3 h5 21. Ne5
Kg7 22. Bc1 Rf6 23. Bc2 Nf5 24. Bxf5 Rxf5 25. Qg3 Nf8 26. Qe3 Qf6 27. Qh6+ Kg8
28. g4 hxg4 29. hxg4 Rxe5 30. dxe5 Qf3 31. Qf4 Bxg4 32. Rd4 Qxf4 33. Rxf4 Bf5
34. Kg2 Ne6 35. Rh4 Ng7 36. Be3 Rf8 37. Bh6 Bd3 38. Rd1 Be2 39. Rd2 Bf3+ 40.
Kh2 Re8 41. Bxg7 Kxg7 42. Kg3 g5 43. Rh2 g4 44. Kf4 Kg6 45. Rc2 Rf8+ 46. Ke3
Rf5 47. Kd4 Be4 48. Rb2 b6 49. Rb3 Rf4 50. Rc3 Bf3+ 51. Ke3 Re4+ 52. Kd3 Be2+
53. Kd2 Bc4 54. Re3 Rd4+ 55. Kc3 Rf4 56. Re1 Rf3+ 57. Kb2 d4 58. e6 Rb3+ 59.
Kc1 Rc3+ 60. Kb2 Rb3+ 61. Kc1 Rxa3 62. e7 1/2-1/2

[Event "VL18/19"]
[Site "Mecklenburg-Vorpommern"]
[Date "2018.11.25"]
[Round "3.3"]
[White "Illgen, Alexander"]
[Black "Schumacher, Dirk"]
[Result "0-1"]
[WhiteElo "1898"]
[BlackElo "1951"]
[PlyCount "122"]
[EventDate "2018.??.??"]
[EventType "team-tourn"]
[EventRounds "9"]
[EventCountry "GER"]
[WhiteTeam "VT Ludwigslust"]
[BlackTeam "SFO Warnemuende"]
[WhiteTeamCountry "GER"]
[BlackTeamCountry "GER"]

1. d4 Nf6 2. Nf3 g6 3. Nc3 d5 4. Bg5 Bg7 5. e3 Bf5 6. Bd3 Ne4 7. Bxe4 dxe4 8.
Nd2 c5 9. Ncxe4 cxd4 10. exd4 Qxd4 11. c3 Qd3 12. Qe2 Qxe2+ 13. Kxe2 Nc6 14.
Rhe1 O-O-O 15. Kf1 h6 16. Be3 e5 17. a4 b6 18. c4 Be6 19. c5 f5 20. Nd6+ Kb8
21. N2c4 f4 22. Bd2 bxc5 23. Rac1 f3 24. Be3 Nd4 25. Ne4 fxg2+ 26. Kxg2 Bd5 27.
Ncd2 Rc8 28. Kf1 Nf3 29. Red1 Rhd8 30. Nxc5 Nxh2+ 31. Ke2 Ng4 32. Na6+ Kb7 33.
Nc5+ Ka8 34. b4 Nxe3 35. Kxe3 h5 36. Ke2 Bh6 37. Rc3 g5 38. Rh3 Bf7 39. Nde4
Rxd1 40. Kxd1 Rd8+ 41. Kc2 Rd4 42. Kc3 Rc4+ 43. Kd3 Rxb4 44. Rf3 Bd5 45. Rf6
Bg7 46. Rf5 Rd4+ 47. Ke3 Rc4 48. Kd3 h4 49. Rxg5 Rd4+ 50. Kc3 Bxe4 51. Rxg7 Bd5
52. Nd3 Rc4+ 53. Kd2 Rxa4 54. Nxe5 Rf4 55. Nd3 Rd4 56. Ke3 Re4+ 57. Kd2 a5 58.
Rh7 a4 59. f4 a3 60. Rxh4 a2 61. Rh1 Re2+ 0-1

[Event "VL18/19"]
[Site "Mecklenburg-Vorpommern"]
[Date "2018.11.25"]
[Round "3.4"]
[White "Hamann, Dirk"]
[Black "Krueger, Horst"]
[Result "1/2-1/2"]
[WhiteElo "1880"]
[BlackElo "1899"]
[PlyCount "80"]
[EventDate "2018.??.??"]
[EventType "team-tourn"]
[EventRounds "9"]
[EventCountry "GER"]
[WhiteTeam "SFO Warnemuende"]
[BlackTeam "VT Ludwigslust"]
[WhiteTeamCountry "GER"]
[BlackTeamCountry "GER"]

1. e4 c5 2. Nf3 d6 3. d4 cxd4 4. Nxd4 Nf6 5. Nc3 g6 6. Be3 Bg7 7. f3 O-O 8. Qd2
Nc6 9. O-O-O Nxd4 10. Bxd4 Be6 11. h4 h5 12. Kb1 Kh7 13. Nd5 Bh6 14. Nxf6+ exf6
15. Be3 Bxe3 16. Qxe3 Qa5 17. a3 Qc5 18. Qxc5 dxc5 19. Be2 Rfd8 20. Kc1 Kg7 21.
Rd2 Rxd2 22. Kxd2 Rd8+ 23. Ke3 f5 24. Rd1 Rxd1 25. Bxd1 fxe4 26. Kxe4 f6 27.
Be2 b6 28. g4 Kh6 29. c3 Bc8 30. Kd5 hxg4 31. fxg4 g5 32. h5 f5 33. gxf5 Bxf5
34. b4 cxb4 35. cxb4 g4 36. a4 g3 37. Bf3 Bh3 38. Kc6 g2 39. Bxg2 Bxg2+ 40. Kb5
Bb7 1/2-1/2

[Event "VL18/19"]
[Site "Mecklenburg-Vorpommern"]
[Date "2018.11.25"]
[Round "3.5"]
[White "Hilpert, Andreas"]
[Black "Boecking, Uwe"]
[Result "0-1"]
[WhiteElo "1860"]
[BlackElo "1721"]
[PlyCount "86"]
[EventDate "2018.??.??"]
[EventType "team-tourn"]
[EventRounds "9"]
[EventCountry "GER"]
[WhiteTeam "VT Ludwigslust"]
[BlackTeam "SFO Warnemuende"]
[WhiteTeamCountry "GER"]
[BlackTeamCountry "GER"]

1. d4 Nf6 2. Nf3 e6 3. e3 c5 4. Be2 Be7 5. O-O O-O 6. c4 d5 7. Nc3 dxc4 8. Bxc4
a6 9. a4 Nc6 10. dxc5 Bxc5 11. Qe2 Qc7 12. Rd1 b6 13. Bd2 Bb7 14. Na2 Ne5 15.
Nxe5 Qxe5 16. Bc3 Qg5 17. Qf1 Ng4 18. Re1 Qh4 19. h3 Nxf2 20. Qxf2 Qxc4 21. Qg3
f6 22. Rf1 e5 23. b4 Be7 24. Rf2 Qe4 25. Rd1 Rad8 26. Rc1 Rd3 27. Re2 Rfd8 28.
Be1 R8d7 29. Qf2 Rd1 30. Rxd1 Rxd1 31. Nc3 Rxe1+ 32. Qxe1 Qxb4 33. Qd2 Bc6 34.
Qa2+ Kf8 35. Qc2 g6 36. Kh2 Bc5 37. Rd2 Bxe3 38. Rd1 Qf4+ 39. Kh1 Qh4 40. Nd5
Bxd5 41. Rxd5 Qe1+ 42. Kh2 Bg1+ 43. Kh1 Bf2+ 0-1

[Event "VL18/19"]
[Site "Mecklenburg-Vorpommern"]
[Date "2018.11.25"]
[Round "3.6"]
[White "Schmidt, Reinhard"]
[Black "Meier, Klaus"]
[Result "1/2-1/2"]
[WhiteElo "1777"]
[BlackElo "1805"]
[PlyCount "148"]
[EventDate "2018.??.??"]
[EventType "team-tourn"]
[EventRounds "9"]
[EventCountry "GER"]
[WhiteTeam "SFO Warnemuende"]
[BlackTeam "VT Ludwigslust"]
[WhiteTeamCountry "GER"]
[BlackTeamCountry "GER"]

{[%evp 0,148,40,39,33,52,91,35,32,-38,-35,-24,-38,-23,-34,-16,-44,-33,-38,-34,
-25,-41,-27,-31,-39,-92,-74,-71,-66,-66,4,-26,-13,-8,-12,-11,24,26,64,47,73,16,
-15,-26,65,-8,-3,-11,-6,-5,63,-8,-33,-36,-25,-25,2,-18,-24,-21,80,53,55,51,54,
54,24,8,82,92,128,114,106,101,99,69,74,41,83,81,79,48,93,86,77,72,50,49,185,71,
35,25,111,0,0,0,0,0,96,97,97,97,97,100,218,227,232,220,181,235,232,232,232,232,
232,235,273,273,330,273,273,273,273,273,311,273,273,273,273,273,272,273,273,
273,273,0,0,0,0,0,0,0,0,0,0,0,0,0,0,0,0]} 1. e4 c5 2. Nf3 d6 3. c3 Nf6 4. e5
dxe5 5. Nxe5 Nbd7 6. Nf3 e6 7. Be2 b6 8. d4 Bb7 9. O-O Be7 10. Be3 Nd5 11. Nbd2
O-O 12. c4 Nxe3 13. fxe3 Bg5 14. Qb3 Bf6 15. Rad1 cxd4 16. exd4 Qc7 17. Qe3 e5
18. d5 e4 19. Nxe4 Bxb2 20. Qb3 Be5 21. Nxe5 Qxe5 22. Bf3 f5 23. Ng5 Nc5 24.
Qa3 Qf4 25. Qc1 Qxc1 26. Rxc1 Rfe8 27. Rce1 h6 28. Rxe8+ Rxe8 29. Bh5 Rf8 30.
Ne6 Rf6 31. Nxc5 bxc5 32. Rb1 Ba6 33. Rb8+ Kh7 34. Be2 Rf7 35. Bd3 g6 36. Re8
Kg7 37. Re6 Rf6 38. Re2 f4 39. Kf2 Kf7 40. h4 g5 41. hxg5 hxg5 42. Re5 g4 43.
Rh5 f3 44. gxf3 Rxf3+ 45. Ke2 Rh3 46. Rxh3 gxh3 47. Kf3 Kf6 48. Kg3 Ke5 49.
Kxh3 Kd4 50. Bf1 Bb7 51. Kg3 Bxd5 52. cxd5 Kxd5 53. Kf3 Kd4 54. Ke2 Kc3 55. Kd1
Kb2 56. Bc4 Kc3 57. Bg8 c4 58. Kc1 Kd3 $2 {verliert} 59. Bf7 $2 {macht nur
remis} (59. a4 {gewinnt} Kc3 60. Bh7 Kb4 61. Bc2 c3 62. Bd1 a5 63. Kb1 Kc4 64.
Kc2 Kb4 65. Kd3 $18) (59. Kb2 c3+ 60. Kc1 a5 61. a3 a4 62. Be6 Kd4 63. Bd7 Kc4
64. Bxa4 $18) 59... Kc3 60. Bg6 a6 61. Bf5 a5 $2 (61... Kb4 62. Kb2 c3+ 63. Kc2
Ka3 64. Be6 Kb4 {remis}) 62. Bg6 (62. a4 $1) 62... a4 63. Be8 Kb4 64. Kb2 c3+
65. Kc2 Ka3 66. Bf7 Kb4 67. Bb3 axb3+ 68. axb3 Kb5 69. Kxc3 Kc5 70. Kb2 Kb4 71.
Kc2 Kb5 72. Kb1 Kb4 73. Kb2 Kb5 74. Kc3 Kc5 1/2-1/2

[Event "VL18/19"]
[Site "Mecklenburg-Vorpommern"]
[Date "2018.11.25"]
[Round "3.7"]
[White "Emmrich, Olaf"]
[Black "Vladov, Mark"]
[Result "0-1"]
[WhiteElo "1802"]
[BlackElo "1639"]
[PlyCount "150"]
[EventDate "2018.??.??"]
[EventType "team-tourn"]
[EventRounds "9"]
[EventCountry "GER"]
[WhiteTeam "VT Ludwigslust"]
[BlackTeam "SFO Warnemuende"]
[WhiteTeamCountry "GER"]
[BlackTeamCountry "GER"]

1. e4 c5 2. Nf3 Nc6 3. Bc4 e6 4. O-O Nf6 5. Re1 d6 6. c3 Be7 7. d4 Nxe4 8. d5
exd5 9. Qxd5 Be6 10. Qxe4 d5 11. Bxd5 Qxd5 12. Qxd5 Bxd5 13. Ne5 f6 14. Nxc6
Bxc6 15. Bf4 Kf7 16. Nd2 g5 17. Be3 f5 18. Nb3 b6 19. f4 h6 20. Rad1 Rad8 21.
Nc1 Be4 22. Kf2 Bc2 23. Rxd8 Rxd8 24. Re2 Be4 25. Rd2 Ke6 26. Rxd8 Bxd8 27. g3
g4 28. Ke2 c4 29. Kd2 a6 30. Ne2 Kd5 31. Bd4 Bb1 32. Ke3 Bxa2 33. Bg7 h5 34.
Nd4 Bb1 35. Be5 a5 36. Nb5 a4 37. Nd6 Be7 38. Nb5 Bc5+ 39. Nd4 b5 40. Ke2 b4
41. Nb5 a3 42. cxb4 Bd3+ 43. Kd1 a2 44. Nc3+ Kc6 45. Nxa2 Bg1 46. Bf6 Bxh2 47.
Bh4 Bg1 48. Kd2 Kb5 49. Nc1 Be4 50. Ne2 Bf2 51. Be7 Bd3 52. Nc3+ Kc6 53. Bh4
Kd6 54. Nd1 Bd4 55. Nc3 Kc6 56. Nd1 Be4 57. Nc3 Bd3 58. Nd1 Bg7 59. Nc3 Bf8 60.
b5+ Kc7 61. Nd5+ Kb7 62. Kc3 Bc5 63. Nb4 (63. b3 Be4 64. Kxc4 $16) 63... Be2
64. Nc2 Bd3 {hier weichen die Partieformulare voneinander ab, die
Hauptfortsetzung ist unklar, da der Zwischenzug vorm Läufer-Springertausch
fehlt} 65. Kd2 Bxc2 66. Kxc2 {diese Position war erspielt wurden} Kb6 67. b3
Kxb5 68. bxc4+ Kxc4 69. Kd2 Kd4 70. Ke2 Ke4 71. Bd8 Bg1 72. Kf1 Be3 73. Kg2
Bxf4 74. gxf4 Kxf4 75. Bh4 Ke4 {Es geht nicht weiter, sondern hier wurde
aufgegeben (z.B. 76.Lg5 f4 77.Lh4 und Schwarz kommt mit den Bauern nicht
vorwärts) 0-1 (75)} 0-1

[Event "VL18/19"]
[Site "Mecklenburg-Vorpommern"]
[Date "2018.11.25"]
[Round "3.8"]
[White "Fenske, Harald"]
[Black "Zacharias, Uwe"]
[Result "0-1"]
[WhiteElo "1583"]
[BlackElo "1834"]
[PlyCount "116"]
[EventDate "2018.??.??"]
[EventType "team-tourn"]
[EventRounds "9"]
[EventCountry "GER"]
[WhiteTeam "SFO Warnemuende"]
[BlackTeam "VT Ludwigslust"]
[WhiteTeamCountry "GER"]
[BlackTeamCountry "GER"]

1. e4 c5 2. Nf3 Nc6 3. d4 cxd4 4. Nxd4 g6 5. Be3 Bg7 6. c3 Nf6 7. Bd3 O-O 8.
O-O Ne5 9. Bc2 Nc4 10. Bc1 d6 11. h3 b6 12. Nd2 Ne5 13. N2f3 Ba6 14. Re1 Qc7
15. Nxe5 dxe5 16. Nb3 Rfd8 17. Qf3 Rd7 18. Bg5 Rad8 19. Rad1 Bb7 20. Rxd7 Rxd7
21. Bxf6 Bxf6 22. Rd1 Rxd1+ 23. Qxd1 Qc4 24. Qd3 Qa4 25. Nc5 Qc6 26. Nxb7 Qxb7
27. b3 Qc7 28. c4 Bh4 29. Kf1 Qc5 30. g3 Bf6 31. Ke2 Qa3 32. Bb1 h5 33. Kf3 h4
34. Qc2 Qb4 35. Ke2 hxg3 36. fxg3 Qc5 37. Qd3 Qg1 38. h4 e6 39. b4 Be7 40. a3
Qg2+ 41. Kd1 a5 42. Qb3 Qf1+ 43. Kd2 Qf2+ 44. Kd1 g5 45. h5 Qf1+ 46. Kd2 Qg2+
47. Kc1 g4 48. Qe3 Qh1+ 49. Kb2 Qxh5 50. Qxb6 Qh2+ 51. Bc2 axb4 52. axb4 Qxg3
53. c5 Qe3 54. Qb8+ Kg7 55. Qb7 g3 56. Qxe7 g2 57. Qc7 Qd4+ 58. Kb3 g1=Q 0-1

[Event "VL18/19"]
[Site "Mecklenburg-Vorpommern"]
[Date "2018.11.25"]
[Round "3.1"]
[White "Stutz, Reno"]
[Black "Schmekel, Florian"]
[Result "1/2-1/2"]
[WhiteElo "1956"]
[BlackElo "2016"]
[PlyCount "27"]
[EventDate "2018.??.??"]
[EventType "team-tourn"]
[EventRounds "9"]
[EventCountry "GER"]
[WhiteTeam "Gruen-Weiss Wismar"]
[BlackTeam "SAV Torgelow"]
[WhiteTeamCountry "GER"]
[BlackTeamCountry "GER"]

1. d4 Nf6 2. Nf3 e6 3. e3 b6 4. Bd3 Bb7 5. O-O c5 6. Nbd2 cxd4 7. exd4 Be7 8.
b3 O-O 9. Bb2 d5 10. Ne5 Nbd7 11. f4 Ne4 12. Ndf3 f5 13. Nxd7 Qxd7 14. Ne5
1/2-1/2

[Event "VL18/19"]
[Site "Mecklenburg-Vorpommern"]
[Date "2018.11.25"]
[Round "3.2"]
[White "Lehmann, Ruben"]
[Black "Kliewe, Hans Juergen"]
[Result "0-1"]
[WhiteElo "1908"]
[BlackElo "2043"]
[PlyCount "77"]
[EventDate "2018.??.??"]
[EventType "team-tourn"]
[EventRounds "9"]
[EventCountry "GER"]
[WhiteTeam "SAV Torgelow"]
[BlackTeam "Gruen-Weiss Wismar"]
[WhiteTeamCountry "GER"]
[BlackTeamCountry "GER"]

1. d4 d5 2. c4 c6 3. Nc3 Nf6 4. e3 g6 5. Nf3 Bg7 6. Bd3 O-O 7. O-O Nbd7 8. cxd5
cxd5 9. b3 b6 10. a4 a6 11. Ba3 Bb7 12. Rc1 Re8 13. Ne2 Ne4 14. Nd2 Ndf6 15.
Bb2 Qd6 16. f3 Nxd2 17. Qxd2 Bh6 18. g4 Nd7 19. f4 f6 20. h4 Qe6 21. g5 Qg4+
22. Kf2 Qxh4+ 23. Kf3 Qh3+ 24. Ng3 e5 25. Rh1 e4+ 26. Bxe4 dxe4+ 27. Kf2 Qe6
28. Rxh6 Rac8 29. Rch1 Re7 30. gxf6 Nxf6 31. d5 Ng4+ 32. Ke1 Qxd5 33. Qxd5+
Bxd5 34. Rxg6+ hxg6 35. Rh8+ Kf7 36. Rxc8 Nxe3 37. Bd4 Ng2+ 38. Kf1 Nxf4 39. b4
0-1

[Event "VL18/19"]
[Site "Mecklenburg-Vorpommern"]
[Date "2018.11.25"]
[Round "3.3"]
[White "Littke, Helmut"]
[Black "Zentgraf, Robert"]
[Result "1/2-1/2"]
[WhiteElo "1938"]
[BlackElo "2105"]
[PlyCount "77"]
[EventDate "2018.??.??"]
[EventType "team-tourn"]
[EventRounds "9"]
[EventCountry "GER"]
[WhiteTeam "Gruen-Weiss Wismar"]
[BlackTeam "SAV Torgelow"]
[WhiteTeamCountry "GER"]
[BlackTeamCountry "GER"]

1. d4 Nf6 2. c4 g6 3. Nc3 Bg7 4. e4 d6 5. Nf3 O-O 6. Be2 Na6 7. O-O e5 8. dxe5
dxe5 9. Qxd8 Rxd8 10. Bg5 Re8 11. Rad1 Nc5 12. Nd5 Nxd5 13. exd5 Na4 14. Bc1
Bg4 15. Rfe1 f5 16. Ng5 Bxe2 17. Rxe2 Bf6 18. f3 Rad8 19. Rde1 Nc5 20. Be3 Na6
21. Ne6 Rd6 22. Nc5 Nxc5 23. Bxc5 Rd7 24. Bd4 Rde7 25. Bxa7 Ra8 26. Bc5 Rd7 27.
b3 c6 28. dxc6 bxc6 29. a4 Rd3 30. Re3 Rd2 31. Bb4 Rb2 32. Ba3 Ra2 33. Bd6 Rd8
34. c5 e4 35. R3e2 Bd4+ 36. Kf1 Ra3 37. fxe4 Rxb3 38. exf5 gxf5 39. Ra2 1/2-1/2

[Event "VL18/19"]
[Site "Mecklenburg-Vorpommern"]
[Date "2018.11.25"]
[Round "3.4"]
[White "Bauer, Norbert"]
[Black "Junggebauer, Thomas"]
[Result "1/2-1/2"]
[WhiteElo "2026"]
[BlackElo "1902"]
[PlyCount "112"]
[EventDate "2018.??.??"]
[EventType "team-tourn"]
[EventRounds "9"]
[EventCountry "GER"]
[WhiteTeam "SAV Torgelow"]
[BlackTeam "Gruen-Weiss Wismar"]
[WhiteTeamCountry "GER"]
[BlackTeamCountry "GER"]

1. d4 d5 2. c4 e6 3. Nc3 Nf6 4. Bg5 c6 5. e3 Nbd7 6. cxd5 exd5 7. Bd3 g6 8. Nf3
Bg7 9. O-O O-O 10. b4 Qb6 11. b5 c5 12. Na4 Qd6 13. Bf4 Qe7 14. dxc5 Nxc5 15.
Nxc5 Qxc5 16. Rc1 Qa3 17. Qb3 Qxb3 18. axb3 Rd8 19. Be5 Ne8 20. Bxg7 Kxg7 21.
Rc2 Be6 22. Nd4 Rdc8 23. Ra2 Rc3 24. Be2 Nd6 25. Rfa1 Bd7 26. g3 Rc5 27. b4 Rc3
28. Rxa7 Rxa7 29. Rxa7 Rc1+ 30. Kg2 Rb1 31. Ra8 Kf6 32. Rb8 Rxb4 33. h4 Rb2 34.
h5 gxh5 35. Bf3 Ke5 36. Rh8 Nxb5 37. Nxb5 Rxb5 38. Rxh7 Kf6 39. Rh6+ Ke7 40.
Rxh5 Bc6 41. Rh4 Rb2 42. Rd4 Kd6 43. g4 b5 44. Kg3 b4 45. Bxd5 Bxd5 46. e4 Ke5
47. Rxd5+ Kxe4 48. Rf5 Rb1 49. Rf4+ Ke5 50. Rxf7 b3 51. Rb7 b2 52. Kf3 Kd4 53.
Kf4 Kc3 54. Rc7+ Kd3 55. Rb7 Kc3 56. Rc7+ Kd3 1/2-1/2